Una visión pragmática de la ética ambiental / (Record no. 151677)

MARC details
000 -LEADER
fixed length control field nam a22 7a 4500
005 - DATE AND TIME OF LATEST TRANSACTION
control field 20191016105726.0
008 - FIXED-LENGTH DATA ELEMENTS--GENERAL INFORMATION
fixed length control field 191002t 2018mx ||||| |||| 00| 0 spa d
020 ## - INTERNATIONAL STANDARD BOOK NUMBER
International Standard Book Number 9786078523894
050 04 - LIBRARY OF CONGRESS CALL NUMBER
Classification number GE42
Item number S35 2018
100 ## - MAIN ENTRY--PERSONAL NAME
Personal name Salazar Ortiz, Víctor Hugo
245 ## - TITLE STATEMENT
Title Una visión pragmática de la ética ambiental /
Statement of responsibility, etc Victor Hugo Salazar Ortiz
250 ## - EDITION STATEMENT
Edition statement 1a ed.
260 ## - PUBLICATION, DISTRIBUTION, ETC. (IMPRINT)
Place of publication, distribution, etc Mexico ;
Name of publisher, distributor, etc Universidad Autónoma de Aguas Calientes,
Date of publication, distribution, etc 2018
300 ## - PHYSICAL DESCRIPTION
Extent 192 p. ;
Dimensions 23 cm.
650 ## - SUBJECT ADDED ENTRY--TOPICAL TERM
Topical term or geographic name as entry element Ética ambiental
General subdivision Aspectos morales y éticos
942 ## - ADDED ENTRY ELEMENTS (KOHA)
Source of classification or shelving scheme Biblioteca del Cogreso de los Estados Unidos
Koha item type Libro
Holdings
Estado de pérdida Fuente de clasificación Estado del daño No para préstamo Ubicación permanente Ubicación actual Apartado o colección Fecha de adquisición Edición Área del conocimiento Clasificación Código de Barras Date last seen Número de copia Costo por reposición Tipo de recurso
  Biblioteca del Cogreso de los Estados Unidos     Biblioteca de la Facultad de Filosofía Biblioteca de la Facultad de Filosofía General 02/10/2019 1a ed. Educación y Humanidades GE42 S35 2018 BFF000033400 02/10/2019 C.1 1.00 Libro